Minerals: Their Constitution and Origin

Bibliografiske detaljer
Hovedforfatter: Wenk H.-R. Hans-Rudolf
Andre forfattere: Bulakh A. Andrei
Sprog:engelsk
Udgivet: New York, Cambridge University Press, 2004
Fag:
Format: MixedMaterials Bog
KOHA link:https://koha.lib.tpu.ru/cgi-bin/koha/opac-detail.pl?biblionumber=83858

MARC

LEADER 00000nam0a2200000 4500
001 83858
005 20231101213324.0
010 |a 0521529581 
035 |a (RuTPU)RU\TPU\book\90158 
090 |a 83858 
100 |a 20051024d2004 km y0engy50 ba 
101 0 |a eng 
102 |a US 
105 |a a z 001zy 
200 1 |a Minerals: Their Constitution and Origin  |f H.-R. Wenk, A. Bulakh 
210 |a New York  |c Cambridge University Press  |d 2004 
215 |a 646 p.  |c ил. 
320 |a Glossary: p. 618-625 
606 1 |a Минералогия  |2 stltpush  |3 (RuTPU)RU\TPU\subj\43907  |9 63333 
610 1 |a английский язык 
610 1 |a минералы 
675 |a 549  |v 3 
700 1 |a Wenk  |b H.-R.  |g Hans-Rudolf 
701 1 |a Bulakh  |b A.  |g Andrei 
801 1 |a RU  |b 63413507  |c 20051024  |g PSBO 
801 2 |a RU  |b 63413507  |c 20220809  |g PSBO 
942 |c BK 
959 |a 2/20050207  |d 1  |e 3150,00  |f ЧЗИЛ:1